AH International Schools' Libraries

Never look back / (Record no. 48155)

MARC details
000 -LEADER
fixed length control field 00711cam a22001698i 4500
001 - CONTROL NUMBER
control field 21481046
005 - DATE AND TIME OF LATEST TRANSACTION
control field 20260127150933.0
020 ## - INTERNATIONAL STANDARD BOOK NUMBER
Cancelled/invalid ISBN 9781547603732
Qualifying information (hardback)
100 1# - MAIN ENTRY--PERSONAL NAME
Personal name Rivera, Lilliam,
Relator term author.
9 (RLIN) 85913
245 10 - TITLE STATEMENT
Title Never look back /
Statement of responsibility, etc Lilliam Rivera.
260 ## - PUBLICATION, DISTRIBUTION, ETC. (IMPRINT)
Place of publication, distribution, etc New York:
Name of publisher, distributor, etc Bloomsbury;
Date of publication, distribution, etc 2020.
300 ## - PHYSICAL DESCRIPTION
Extent 312 p.
Other physical details 21 cm.
520 ## - SUMMARY, ETC.
Summary, etc A modern retelling of the myth, Orpheus and Eurydice, in which Eury leaves Puerto Rico for the Bronx, haunted by losing all to Hurricane Maria and by evil spirit Ato, and meets a bachata-singing charmer, Pheus.
650 #1 - SUBJECT ADDED ENTRY--TOPICAL TERM
Topical term or geographic name as entry element Love. Family life. Puerto Ricans.
Geographic subdivision New York (N.Y.)
9 (RLIN) 85914
655 ## - INDEX TERM--GENRE/FORM
Genre/form data or focus term Contemporary/ Realistic Fiction.
9 (RLIN) 82929
942 ## - ADDED ENTRY ELEMENTS (KOHA)
Source of classification or shelving scheme
Koha item type YA FIC BOOKS
Holdings
Withdrawn status Lost status Source of classification or shelving scheme Damaged status Not for loan Collection code Home library Current library Shelving location Date acquired Total Checkouts Full call number Barcode Date last seen Date checked out Price effective from Koha item type
          SECONDARY Asian Hope Secondary Library Asian Hope Secondary Library SECONDARY 01/10/2025 1 YA FIC RIV 206661 03/24/2026 03/10/2026 01/10/2025 YA FIC BOOKS

For any Logos Library related questions please contact Miss Art at swongnarasuk@asianhope.org.

For any Asian Hope Library related questions please contact Miss Raza at graza@asianhope.org.

Powered by Koha